Flacheninhalte und logarithmen
Αποθηκεύτηκε σε:
| Κύριος συγγραφέας: | |
|---|---|
| Μορφή: | Βιβλίο |
| Γλώσσα: | German |
| Δημοσίευση: |
Berlin :
Deutscher Verlag der Wissenschaften,
1955.
|
| Σειρά: | Kleine Erganzungsreihe zu den Hochschulbuchern fur Mathematik ;
10 |
| Θέματα: | |
| Ετικέτες: |
Προσθήκη ετικέτας
Δεν υπάρχουν, Καταχωρήστε ετικέτα πρώτοι!
|
MARC
| LEADER | 00000cam a2200000 a 4500 | ||
|---|---|---|---|
| 001 | 1/108814 | ||
| 008 | 150922s1955####gw | ||| |||| ||ger|| | ||
| 040 | |a GR-MyUa |b gre |c GR-MyUa |e AACR2 | ||
| 041 | 0 | |a ger | |
| 082 | 7 | |a 513 |2 (23) | |
| 100 | 1 | |a Markushevich, A. I. |q (Alekseaei Ivanovich), |d 1908-1979. | |
| 245 | 1 | 0 | |a Flacheninhalte und logarithmen / |c von A. I. Markuschewitsch. |
| 260 | |a Berlin : |b Deutscher Verlag der Wissenschaften, |c 1955. | ||
| 300 | |a 53 σ. : |b διαγρ., σχέδια ; |c 21 εκ. | ||
| 490 | 1 | |a Kleine Erganzungsreihe zu den Hochschulbuchern fur Mathematik |v ; 10 | |
| 650 | 0 | |a Logarithms. | |
| 830 | 0 | |a Kleine Erganzungsreihe zu den Hochschulbuchern fur Mathematik ; |v 10 | |
| 852 | |a INST |b SAMOS |c MAG |e 20150922 |h 513 MAR |p 005300035510 |q 005300035510 |t BK |y 0 | ||
| 970 | |a Σιτζίμη |b Γιασεμή |z 22/09/2015 | ||